COMMON VERTEBRAL JOINT PROBLEMS / (Record no. 797226)

MARC details
000 -LEADER
fixed length control field 00461pam a2200181 a 4500
020 ## - INTERNATIONAL STANDARD BOOK NUMBER
International Standard Book Number 044303365
Terms of availability 9304.87
041 ## - LANGUAGE CODE
Language code of text/sound track or separate title eng
Language code of original NULL
082 ## - DEWEY DECIMAL CLASSIFICATION NUMBER
Classification number 617.375
Item number GRI
100 ## - MAIN ENTRY--PERSONAL NAME
Personal name CRIEVE, G .
245 ## - TITLE STATEMENT
Title COMMON VERTEBRAL JOINT PROBLEMS /
Statement of responsibility, etc. NULL.
Medium Textual Documents
250 ## - EDITION STATEMENT
Edition statement 2 /
Remainder of edition statement .
260 ## - PUBLICATION, DISTRIBUTION, ETC.
Place of publication, distribution, etc. NULL :
Name of publisher, distributor, etc. CHURCHILL LIV ,
Date of publication, distribution, etc. 1998.
300 ## - PHYSICAL DESCRIPTION
Extent 787 :
Other physical details XVI ;
Dimensions A4 .
365 ## - TRADE PRICE
Price type code 9304.87
650 ## - SUBJECT ADDED ENTRY--TOPICAL TERM
Topical term or geographic name entry element ORTHO
930 ## - EQUIVALENCE OR CROSS-REFERENCE-UNIFORM TITLE HEADING [LOCAL, CANADA]
Uniform title 2691
Holdings
Withdrawn status Lost status Damaged status Not for loan Home library Current library Date acquired Cost, normal purchase price Total Checkouts Full call number Barcode Date last seen Copy number Price effective from Koha item type
        Medical College & Hospital, Sangli Medical College & Hospital, Sangli 28/11/2011 9304.87   617.375 GRI MCS-6307 26/07/2023 1 26/07/2023 Book